000 02746nam a22002654a 4500
003 BOLpUSFA
005 20260407144410.0
008 t bo grm 000 f spa d
040 _aBOLpUSFA
041 _aspa
044 _aBO
082 _aADM0039
_bC988ePG
100 _aCutili Larico, Walter
245 _aEstudio de factibilidad para la creación de una Empresa de Servicio de Transporte escolar en el Distrito 8 de la ciudad de El Alto
260 _aEl Alto:
_bUniversidad Privada San Francisco de Asís. Carrera de Administración de Empresas,
_c2025
300 _a166 p.
502 _aModalidad: Proyecto de Grado - Tutor: Ing. Carlos Villarroel Prieto
520 _aEl distrito 8 de El Alto ha registrado un incremento del 11% en la población estudiantil matriculada, alcanzando los 48,569 estudiantes en 2025. Este crecimiento ha generado dificultades para los padres y familias, quienes enfrentan problemas en el transporte público como cobros abusivos, congestión vehicular, rutas interrumpidas y vehículos en mal estado, lo que dificulta el traslado seguro y puntual de sus hijos a las unidades educativas. Ante esta situación, se identificó la necesidad de un servicio de transporte escolar eficiente y confiable. Para evaluar la viabilidad del proyecto, se realizó un estudio de factibilidad que incluyó un análisis de mercado, el cual permitió identificar la demanda disponible en el nicho de transporte escolar privado en las unidades educativas del distrito 8 de la ciudad de El Alto. Además, se consideró iniciar operaciones con una flota de nueve vehículos tipo minibús abarcando un porcentaje moderado de la demanda identificada. El estudio también incluyó el diseño del proceso administrativo para organizar y sistematizar las operaciones de la empresa, y el desarrollo de estrategias de marketing enfocadas en la publicidad en redes sociales, así como en la convivencia y vinculación con el entorno comunitario para fortalecer la aceptación del servicio. Finalmente, el análisis financiero evidenció un Valor Actual Neto (VAN) positivo de Bs. 167,234.98 y una Tasa Interna de Retorno (TIR) del 13%, indicadores que confirman la factibilidad económica del proyecto. En conjunto, estos resultados respaldan la creación de una empresa de transporte escolar que contribuya a mejorar la movilidad y seguridad de los estudiantes, así como al desarrollo social y económico del distrito 8.
650 _aAdministración de Empresas
650 _aProyecto de Grado
650 _aEstudio de factibilidad
650 _aTransporte escolar
651 _aEl Alto
942 _2ddc
_cTE
_zLLO
999 _c9687
_d9687